Law of insolvency : (Record no. 78568)
[ view plain ]
| 000 -LEADER | |
|---|---|
| fixed length control field | 00805nam a22002177a 4500 |
| 005 - DATE AND TIME OF LATEST TRANSACTION | |
| control field | 20130910124539.0 |
| 010 ## - LCCN (DPL NO) | |
| LC control number | ENG-108310 |
| 020 ## - INTERNATIONAL STANDARD BOOK NUMBER | |
| International Standard Book Number | 9789350353301 |
| Terms of availability | 995.00 |
| 035 ## - SYSTEM CONTROL NUMBER | |
| System control number | EN-91843 |
| 037 ## - SOURCE OF ACQUISITION | |
| Source of stock number/acquisition | DBAD/PUB |
| 082 ## - DEWEY DECIMAL CLASSIFICATION NUMBER | |
| Classification number | 346.54078 |
| 100 ## - MAIN ENTRY--PERSONAL NAME | |
| Personal name | Aiyer, S. Krishnamurthi |
| 245 10 - TITLE STATEMENT | |
| Title | Law of insolvency : |
| Statement of responsibility, etc | by S. Krishnamurthi Aiyer [and] S. B. Malik |
| Remainder of title | commentary on the Provincial insolvency act, 1920 including model forms in insolvency proceedings / |
| 250 ## - EDITION STATEMENT | |
| Edition statement | 7th thoroughly rev.ed by Vineeta Bansal |
| 260 ## - PUBLICATION, DISTRIBUTION, ETC. (IMPRINT) | |
| Place of publication, distribution, etc | New Delhi |
| Name of publisher, distributor, etc | Universal Law Publishing |
| Date of publication, distribution, etc | 2013 |
| 270 ## - ADDRESS | |
| Address | C-FF-1A, Dilkhush Industrial Estate, G.T. Karnal Road |
| City | Delhi |
| Postal code | 110033 |
| 300 ## - PHYSICAL DESCRIPTION | |
| Extent | lxxxvi,698p. |
| Dimensions | 25cm(Hb) |
| 500 ## - GENERAL NOTE | |
| General note | Includes index |
| 700 ## - ADDED ENTRY--PERSONAL NAME | |
| Personal name | Malik, S.B. |
| 942 ## - ADDED ENTRY ELEMENTS (KOHA) | |
| Source of classification or shelving scheme | Dewey Decimal Classification |
| Item type | English Books |
| Call number suffix | AIY |
| Classification part | 346.54078 |
| Withdrawn status | Lost status | Not for loan | Collection code | Home library | Current library | Date acquired | Source of acquisition | Cost, normal purchase price | Full call number | Barcode | Copy number | Cost, replacement price | Koha item type |
|---|---|---|---|---|---|---|---|---|---|---|---|---|---|
| Not For Loan | Non-fiction | D.B.Act.Division | D.B.Act.Division | 16/08/2013 | DBAD/PUB | 995.00 | 346.54078 AIY | EN-91843 | 1 | 995.00 | English Books |
